000 00816nam a2200229Ia 4500
003 OSt
005 20250627092914.0
008 191128s1999 ck er 000 p spa d
020 _a9588061407
040 _aCO-JMCR
_cCO-JMCR
041 _aspa
082 0 4 _aA-P
_bBENr
100 1 _aBenedetti, Mario,
_d1920-2009
_eautor
_98651
245 1 0 _aRincón de haikus /
_cMario Benedetti
250 _aPrimera edición
260 _aBogotá :
_bAlfaguara,
_c1999
300 _a239 páginas ;
_c16 cm. x 19 cm.
500 _aRecomendado para adultos.
520 _aEncerrar en 17 sílabas (y además, con escisiones predetermindas), una sensación, una duda, una opinión, un sentimiento, un paisaje, y hasta una breve anécdota, empezó siendo un juego.
650 1 4 _aPoesía latinoamericana
_98653
942 _2ddc
_cBK
999 _c4002
_d4002